| 000 | 00935cab a2200277 4500 | ||
|---|---|---|---|
| 001 | WB3432-42 | ||
| 008 | 090401t1998 xxu||||| |||| 00| 0 eng d | ||
| 035 | _a(Sirsi) u88078 | ||
| 041 | _aeng | ||
| 245 | _aTraffic ban | ||
| 260 | _c1998 | ||
| 350 | _a0 | ||
| 490 |
_aTimes _v20 August 1998, 2 ; 21 August 1998, 7 |
||
| 490 |
_aFinancial Times _v21 August 1998, 7 |
||
| 490 |
_aDETR News Release _v(701) 20 August 1998 (7) |
||
| 520 | _aWestminster CC is to drop its objections to proposals to pedestrianise Trafalgar Square and is to seek a government grant for plans to pedestrianise parts of Trafalgar Square, Whitehall and Parliament Square. | ||
| 650 | _aPARLIAMENT SQUARE | ||
| 650 | _aPEDESTRIANISATION | ||
| 650 | _aTRAFALGAR SQUARE | ||
| 650 | _aTRAFFIC CONGESTION | ||
| 650 | _aTRANSPORT WHITE PAPER | ||
| 650 | _aWHITEHALL | ||
| 690 | _aTRANSPORT AND COMMUNICATIONS | ||
| 942 | _n0 | ||
| 948 | _c20/08/1998 | ||
| 999 |
_c55629 _d55629 |
||